000 00492cam a2200193 4500
001 D3576
008 090401t1982 xxu||||| |||| 00| 0 eng d
035 _a(Sirsi) u73881
041 _aeng
050 _a693.832
110 _aEurisol-UK
_9319
245 _aThermal insulation of industrial buildings: introduction
260 _aBromley, Kent
_bEurisol-UK
_c1982
300 _a2p. illus. 30cm
350 _a0
490 _aInsulation Fact Sheet
_v14a
942 _n0
948 _c04/03/1997
999 _c95728
_d95728